000
00307nam a22001337a 4500
008
251025b |||||||| |||| 00| 0 eng d
040
_a
04
100
_a
BARE ACT
245
_a
UTTAR PRADESH LOCAL LAWS
260
_a
VNIVERSAL LAW PUB
300
_a
583
650
_a
UTTAR PRADESH LOCAL LAWS
942
_c
02
999
_c
66674
_d
66674